000
00407nam a22001577a 4500
003
MPLRDC
005
20220104114151.0
008
210129b ||||| |||| 00| 0 eng d
082
_a
855 LQC c.2
100
_a
梁启超等著
245
_a
近代名家散文: 小品选集
_c
260
_a
_b
龙和出版有限公司
_c
1988
300
_b
平
650
_a
散文;随笔、日记
942
_c
BK
_o
855 LQC c.2
999
_c
5353
_d
5343